| 000 | 00451nab a2200145Ia 4500 | ||
|---|---|---|---|
| 003 | ES-SlBCS | ||
| 005 | 20210601132321.0 | ||
| 008 | 140529s1997 xxu||||| |||| 00| 0 ita d | ||
| 041 | _aita | ||
| 100 | 1 |
_aBateson, Gregory _d1904-1980 _9139612 |
|
| 245 | 0 | 0 |
_aIl ruolo dell'umorismo nella commnicazione umana _c Gregory Bateson |
| 650 | 0 | 4 |
_aHumorismo-Comunicación Humana _9193961 |
| 773 | 0 |
_tAut Aut _gnº. 282, 1997, págs. 4-51 _wRev1479 |
|
| 942 | _cAR | ||
| 999 |
_c577814 _d577814 |
||